<?xml version="1.0" encoding="UTF-8"?>
<record
    xmlns:xsi="http://www.w3.org/2001/XMLSchema-instance"
    xsi:schemaLocation="http://www.loc.gov/MARC21/slim http://www.loc.gov/standards/marcxml/schema/MARC21slim.xsd"
    xmlns="http://www.loc.gov/MARC21/slim">

  <leader>01824nam a22001457a 4500</leader>
  <datafield tag="999" ind1=" " ind2=" ">
    <subfield code="c">521309</subfield>
    <subfield code="d">521309</subfield>
  </datafield>
  <controlfield tag="008">230104b           ||||| |||| 00| 0 eng d</controlfield>
  <datafield tag="100" ind1=" " ind2=" ">
    <subfield code="a">Shah, Imtiyaz Ahmad and Haq, Imtiyaz ul </subfield>
    <subfield code="9">36505</subfield>
  </datafield>
  <datafield tag="245" ind1=" " ind2=" ">
    <subfield code="a">Impact of remittances on exports and economic growth: A cross country analysis</subfield>
  </datafield>
  <datafield tag="260" ind1=" " ind2=" ">
    <subfield code="a">Artha Vijnana </subfield>
  </datafield>
  <datafield tag="300" ind1=" " ind2=" ">
    <subfield code="a"> 64(3), Sep, 2022: p,283-296</subfield>
  </datafield>
  <datafield tag="520" ind1=" " ind2=" ">
    <subfield code="a">We present robust results on the impact of remittances on exports and economic growth for panel data sets of 38 high-income and 54 middle-income countries for 2000-2020. First, we estimate the impact of remittances on exports after controlling economic growth. By panel dynamic panel estimation, when regressing remittances on exports, remittances show an inverse U-shaped relationship with a threshold value of ln(12.63) for high-income and ln(15.66) middle-income countries above which exports begin to fall. Economic growth is showing a positive and significant impact on exports. Second, we estimate the impact of remittances and exports on economic growth after controlling various macro determinants of economic growth. On economic growth, remittances present a U-shaped relationship with threshold value ln(12.63) for higher income and ln(15.66) for lower-income countries above which economic growth starts to rise. Exports are showing a positive and significant effect on economic growth. A 100 per cent increase in exports leads to a 15 per cent and 12 per cent increase in economic growth of high-income and middle-income countries. The other variables like physical capital per labour and human capital are showing positive and significant impact on economic growth. Government expenditure has a negative coefficient; thus deteriorates economic growth. &#x2013; Reproduced </subfield>
  </datafield>
  <datafield tag="773" ind1=" " ind2=" ">
    <subfield code="a">Artha Vijnana </subfield>
  </datafield>
  <datafield tag="906" ind1=" " ind2=" ">
    <subfield code="a">ECONOMIC GROWTH</subfield>
  </datafield>
  <datafield tag="942" ind1=" " ind2=" ">
    <subfield code="c">AR</subfield>
  </datafield>
  <datafield tag="952" ind1=" " ind2=" ">
    <subfield code="0">0</subfield>
    <subfield code="1">0</subfield>
    <subfield code="2">ddc</subfield>
    <subfield code="4">0</subfield>
    <subfield code="7">0</subfield>
    <subfield code="9">395367</subfield>
    <subfield code="a">IIPA</subfield>
    <subfield code="b">IIPA</subfield>
    <subfield code="d">2023-01-04</subfield>
    <subfield code="h">64(3), Sep, 2022: p,283-296</subfield>
    <subfield code="p">AR127836</subfield>
    <subfield code="r">2023-01-04</subfield>
    <subfield code="y">AR</subfield>
  </datafield>
</record>
